稚内市にあるチェーン店(サドンデス) - Statistics

General Stats
  • This quiz has been taken 323 times
  • The average score is 4 of 18
Answers on the Grid
Answers color-coded by a green-red scale on the quiz's grid according to % correct below.
セブンイレブン
ローソン
ファミリーマート
セイコーマート
サイゼリヤ
松屋
すき家
はま寿司
びっくりドンキー
餃子の王将
みよしの
山岡屋
マクドナルド
ほっともっと
モスバーガー
ケンタッキー
バーガーキング
ピザハット
ロッテリア
スターバックス
コメダ珈琲店
サーティワン
ミスタードーナツ
ダイソー
Seria
CanDO
サツドラ
ツルハ
DCM(ホーマック)
無印良品
しまむら
西松屋
GU
ユニクロ
ヤマダ電機
ヨドバシカメラ
ケーズデンキ
ゲオ
ブックオフ
 
Answer Stats
Answer % Correct
セイコーマート
81%
マクドナルド
58%
ローソン
55%
すき家
35%
ツルハ
25%
ダイソー
24%
山岡屋
16%
サツドラ
16%
しまむら
16%
DCM(ホーマック)
15%
西松屋
13%
モスバーガー
11%
ミスタードーナツ
11%
ケーズデンキ
11%
ゲオ
11%
ほっともっと
9%
ロッテリア
8%
CanDO
6%
No matching quizzes found
Score Distribution
Percent of People with Each Score
Percentile by Number Answered
Your Score History
You have not taken this quiz